000 01545 a2200241 4500
001 45150
005 20260407155726.0
008 260407a2017 arg spa d
003 AR-UNSa-BCEJYS
040 _aAR-UNSa-BCEJYS
_bspa
_cAR-UNSa-BCEJYS
080 _a330.34
_xDesarrollo Económico
245 1 0 _aPlanificación para el desarrollo en América Latina y el Caribe
_penfoques, experiencias y perspectivas
020 _a978-92-1-121964-7
264 1 _aSantiago de Chile :
_bCEPAL (Comisión Económica para América Latina y el Caribe)
_c2017
300 _a217 p.
_c22 cm.
505 _a1. La planificación para el desarrollo en América Latina y el Caribe: albores y desafíos de cara a la complejidad del siglo XXI – 2. Las experiencias estudiadas y la metodología empleada – 3. El reto de la pluritemporalidad, o la conjugación de tiempos y plazos – 4. El reto de la multiescalaridad: la coordinación entre los niveles de gobierno en los procesos de planificación para el desarrollo – 5. El reto de la intersectorialidad: la conjugación entre lo global y lo sectorial en la planificación para el desarrollo – 6. El reto de la evaluación y el seguimiento de los planes y programas: el desafío del aprendizaje – 7. Resumen, conclusiones y perspectivas -
041 _aspa
942 _cBK
590 _aniveau_biblio:m niveau_hierar:0
100 1 _aCuervo, Luis Mauricio
700 1 _aMáttar, Jorge
856 4 1 _uhttps://www.biblioeco.unsa.edu.ar/pmb/images/libros/L127080.jpg
_yImagen de portada
_qimage/jpeg
999 _c3914
_d3914